000 00473nam a2200181Ia 4500
005 20250508150551.0
008 008 250505s9999 xx 000 0 hin d
037 _aTextual
040 _aFEDL
_beng
_cFEDL
041 _ahin
_2eng
084 _a400, SHA
_qFEDL
100 _aSastri Mangal Dev
_9757054
245 0 _aTulnatmak bhasa-sastra athwa bhasa-vigyan
260 _c1948
300 _a270p.
942 _cTEXL
_h400, SHA
999 _c1324303
_d1324303